| 000 | 01078nam a22003257a 4500 | ||
|---|---|---|---|
| 003 | CHAP | ||
| 005 | 20220329134537.0 | ||
| 008 | 971013s1973 r 00010 d | ||
| 010 | _a21925 | ||
| 011 | _a22897 | ||
| 035 | _a26992 | ||
| 040 | _cCHAP | ||
| 082 |
_a658.05 _bB6 1973 |
||
| 100 | 0 | 0 |
_aBoutell, Wayne S. _914794 |
| 245 | _aComputer-oriented business systems | ||
| 250 | _a2 ed. | ||
| 260 |
_aEnglewood Cliffs, N. J. : _bPrentice-Hall, _c1973 |
||
| 300 |
_a437 p. _b: ilus. |
||
| 590 |
_aBATCH-UPD _b10 _c20130110 _lUCH01 _h1740 |
||
| 590 |
_aBATCH-UPD _b10 _c20130410 _lUCH01 _h1119 |
||
| 590 |
_aBATCH-UPD _b10 _c20130914 _lUCH01 _h0350 |
||
| 590 |
_aCONVERSION _b10 _c20130109 _lUCH01 _h1313 |
||
| 650 | 1 | 4 |
_aAnálisis de sistemas. _95976 |
| 650 | 1 | 4 |
_aComputadoras. _926129 |
| 650 | 1 | 4 |
_aProcesamiento automático de datos en administración de empresas. _991748 |
| 901 | _aBK | ||
| 942 | _cLIBRO | ||
| 949 |
_a658.05 B6 1973 _bBC _cLIBRO _d33724000128070 _eLIBRO _h32926 _i26992 _si |
||
| 949 |
_a658.05 B6 1973 _bBC _cLIBRO _d33724000128088 _eLIBRO _fc.2 _h33218 _i26992 _si |
||
| 999 |
_c21925 _d21925 |
||